000 00334nam a22001457a 4500
008 210429b ||||| |||| 00| 0 eng d
020 _a9780812114379
041 _aeng
080 _a616.15
082 _a616.15
100 _a9
101 _aHEMA
245 _aEssentials of Veterinary Hematology
_cNemi C. Jain
942 _2udc
_cBK
999 _c56922
_d56922